[Event "Arco op 45th"]
[Site "Arco"]
[Date "2023.10.14"]
[Round "8"]
[White "Peleman, Tony"]
[Black "Zenker, Ulrich"]
[Result "1-0"]
[WhiteElo "1922"]
[BlackElo "2160"]
[PlyCount "59"]
[EventDate "2023.10.07"]
[EventType "swiss"]
[EventRounds "9"]
[EventCountry "ITA"]
[SourceTitle "Mega2024 Update 01"]
[Source "Chessbase"]
[SourceDate "2023.11.12"]
[SourceVersion "1"]
[SourceVersionDate "2023.11.12"]
[SourceQuality "1"]

1. e4 g6 2. d4 Bg7 3. Nf3 d6 4. Bd3 Nf6 5. 0-0 0-0 6. Re1 Nc6 7. c3 e5 8. dxe5 Nxe5 9. Nxe5 dxe5 10. Qc2 b6 11. Nd2 Bb7 12. Nf1 h6 13. Ng3 Qe7 14. h3 Nd7 15. Be3 Nc5 16. Bc4 Ne6 17. Rad1 Nf4 18. Qc1 Qg5 19. Kh2 Kh8 20. Rd7 f5 21. exf5 Rxf5 22. Bf1 Rff8 23. Rxc7 Bc8 24. Rd1 e4 25. Rc4 Bb7 26. Rd7 Bc8 27. Rxg7 Kxg7 28. Rc7+ Kh8 29. Bd4+ Rf6 30. Nxe4 1-0

[Event "Arco op 45th"]
[Site "Arco"]
[Date "2023.10.12"]
[Round "6"]
[White "Zenker, Ulrich"]
[Black "Behling, Robert"]
[Result "1/2-1/2"]
[WhiteElo "2160"]
[BlackElo "2005"]
[PlyCount "59"]
[EventDate "2023.10.07"]
[EventType "swiss"]
[EventRounds "9"]
[EventCountry "ITA"]
[SourceTitle "Mega2024 Update 01"]
[Source "Chessbase"]
[SourceDate "2023.11.12"]
[SourceVersion "1"]
[SourceVersionDate "2023.11.12"]
[SourceQuality "1"]

1. d4 d5 2. Nf3 Nf6 3. e3 c5 4. Bd3 cxd4 5. exd4 Nc6 6. 0-0 Bg4 7. c3 Qc7 8. Nbd2 e6 9. Re1 Bd6 10. Nf1 Bf4 11. Bxf4 Qxf4 12. Qd2 Qxd2 13. N3xd2 Bh5 14. f4 0-0 15. h3 Bg6 16. Bxg6 hxg6 17. a4 a5 18. Nb3 b6 19. Nfd2 Rfd8 20. Nc1 Rab8 21. Nd3 b5 22. axb5 Rxb5 23. Ra3 Rdb8 24. Kf2 Ne8 25. Ke3 Nd6 26. b3 Kf8 27. Nc5 Ke7 28. Kd3 Nb7 29. Nxb7 R5xb7 30. Re3 1/2-1/2

[Event "Arco op 45th"]
[Site "Arco"]
[Date "2023.10.08"]
[Round "2"]
[White "Deubelbeiss, Rene"]
[Black "Zenker, Ulrich"]
[Result "1/2-1/2"]
[WhiteElo "1962"]
[BlackElo "2160"]
[PlyCount "49"]
[EventDate "2023.10.07"]
[EventType "swiss"]
[EventRounds "9"]
[EventCountry "ITA"]
[SourceTitle "Mega2024 Update 01"]
[Source "Chessbase"]
[SourceDate "2023.11.12"]
[SourceVersion "1"]
[SourceVersionDate "2023.11.12"]
[SourceQuality "1"]

1. c4 e5 2. g3 Nc6 3. Bg2 g6 4. Nc3 Bg7 5. e4 Nd4 6. Nge2 Nxe2 7. Nxe2 Ne7 8. d4 d6 9. dxe5 dxe5 10. Qxd8+ Kxd8 11. Bg5 h6 12. 0-0-0+ Ke8 13. Be3 Be6 14. b3 c6 15. Nc3 b6 16. Rd6 Rd8 17. Rhd1 Rxd6 18. Rxd6 Bd7 19. a4 Nc8 20. Rd2 Bf8 21. f4 Bb4 22. Kc2 f6 23. Rf2 Be7 24. Rf1 g5 25. f5 1/2-1/2

[Event "Bodenmais Arber Seniors op 10th"]
[Site "Bodenmais"]
[Date "2023.08.07"]
[Round "3"]
[White "Skibbe, Diana"]
[Black "Zenker, Ulrich"]
[Result "1/2-1/2"]
[WhiteElo "1938"]
[BlackElo "2156"]
[PlyCount "35"]
[EventDate "2023.08.05"]
[EventType "swiss"]
[EventRounds "9"]
[EventCountry "GER"]
[SourceTitle "EXT 2024"]
[Source "ChessBase"]
[SourceDate "2023.10.10"]
[SourceVersion "1"]
[SourceVersionDate "2023.10.10"]
[SourceQuality "1"]

1. e4 e6 2. d4 d5 3. Nc3 dxe4 4. Nxe4 Nd7 5. Nf3 Ngf6 6. Nxf6+ Nxf6 7. Bd3 c5 8. 0-0 cxd4 9. Bb5+ Bd7 10. Bxd7+ Qxd7 11. Qxd4 Qxd4 12. Nxd4 Rc8 13. c3 Nd5 14. Bd2 Bc5 15. Nf3 Bd6 16. Rad1 0-0 17. Rfe1 h6 18. Be3 1/2-1/2

[Event "Titled Tuesday intern op 19th Oct"]
[Site "Chess.com INT"]
[Date "2021.10.19"]
[Round "5"]
[White "Shton, Roman"]
[Black "Zenker, Ulrich"]
[Result "1-0"]
[WhiteElo "2074"]
[BlackElo "2156"]
[PlyCount "87"]
[EventDate "2021.10.19"]
[EventType "swiss (blitz)"]
[EventRounds "11"]
[EventCountry "USA"]
[SourceTitle "CBM 204 Extra"]
[Source "ChessBase"]
[SourceDate "2021.11.30"]
[SourceVersion "1"]
[SourceVersionDate "2021.11.30"]
[SourceQuality "1"]

1. d4 d6 2. Nf3 g6 3. c4 Bg7 4. Nc3 Bg4 5. Bg5 h6 6. Bh4 Qd7 7. e3 e5 8. dxe5 dxe5 9. Qxd7+ Nxd7 10. Nd5 Rc8 11. Be2 g5 12. Bg3 f5 13. h3 Bh5 14. Nd4 Bxe2 15. Nxe2 f4 16. Bh2 c6 17. Ndc3 Nc5 18. 0-0-0 Ne7 19. b4 Ne6 20. Ne4 Nf5 21. Nd6+ Nxd6 22. Rxd6 Ke7 23. Rhd1 Rcd8 24. c5 Rxd6 25. Rxd6 Rd8 26. Rxd8 Kxd8 27. Nc3 Ke7 28. Bg1 b6 29. Ne4 bxc5 30. bxc5 Nc7 31. Kc2 Ke6 32. Kd3 Kd5 33. exf4 exf4 34. f3 Na6 35. Nd6 Nxc5+ 36. Bxc5 Kxc5 37. Ne8 Be5 38. Ke4 Bb2 39. Nc7 Kb4 40. Kd3 c5 41. Nd5+ Kb5 42. Ne7 c4+ 43. Kc2 Bh8 44. Nf5 1-0

[Event "Titled Tuesday intern op 27th Oct"]
[Site "Chess.com INT"]
[Date "2020.10.27"]
[Round "4"]
[White "Zenker, Ulrich"]
[Black "Akhayan, Ruben"]
[Result "0-1"]
[WhiteElo "2156"]
[BlackElo "2259"]
[PlyCount "52"]
[EventDate "2020.10.27"]
[EventType "swiss (blitz)"]
[EventRounds "11"]
[EventCountry "USA"]
[SourceTitle "CBM 199 Extra"]
[Source "ChessBase"]
[SourceDate "2021.01.31"]
[SourceVersion "1"]
[SourceVersionDate "2021.01.31"]
[SourceQuality "1"]

1. d4 d5 2. c4 e6 3. Nc3 Nf6 4. Bg5 Be7 5. e3 0-0 6. Nf3 h6 7. Bf4 c5 8. cxd5 cxd4 9. Nxd4 Nxd5 10. Nxd5 exd5 11. Be2 Bb4+ 12. Kf1 Nc6 13. h4 Bd6 14. Bxd6 Qxd6 15. g3 Ne5 16. Kg2 Bd7 17. Bf3 Rac8 18. Qe2 a6 19. Rac1 Qf6 20. Bxd5 Bg4 21. f3 Bd7 22. Bxb7 Rb8 23. Be4 Rfe8 24. Bd5 Qd6 25. e4 Qb4 26. Qd2 Qxd2+ 0-1

[Event "Titled Tuesday intern op 08th Sept"]
[Site "Chess.com INT"]
[Date "2020.09.08"]
[Round "4"]
[White "Igambergenov, Alibek"]
[Black "Zenker, Ulrich"]
[Result "1-0"]
[WhiteElo "2420"]
[BlackElo "2156"]
[PlyCount "59"]
[EventDate "2020.09.08"]
[EventType "swiss (blitz)"]
[EventRounds "10"]
[EventCountry "USA"]
[SourceTitle "CBM 198 Extra"]
[Source "ChessBase"]
[SourceDate "2020.11.30"]
[SourceVersion "1"]
[SourceVersionDate "2020.11.30"]
[SourceQuality "1"]

1. d4 d6 2. e4 g6 3. c4 Bg7 4. Nc3 c5 5. d5 Bxc3+ 6. bxc3 Qa5 7. Qc2 Nf6 8. Bd3 0-0 9. f4 b5 10. cxb5 c4 11. Bxc4 Nxe4 12. Ne2 f5 13. Be3 Nd7 14. 0-0 Ndc5 15. Bd4 Bd7 16. a4 a6 17. bxa6 Nxa6 18. Rfb1 Nac5 19. Ng3 Rfb8 20. Nxe4 Nxe4 21. Rxb8+ Rxb8 22. h3 Nc5 23. Qe2 Kf7 24. Re1 Ne4 25. Bd3 Qxa4 26. Bxe4 fxe4 27. Qxe4 Re8 28. f5 Bxf5 29. Qh4 Kg8 30. Rxe7 1-0

[Event "Titled Tuesday intern op 14th July"]
[Site "Chess.com INT"]
[Date "2020.07.14"]
[Round "7"]
[White "Christensen, Thomas1111"]
[Black "Zenker, Ulrich"]
[Result "1-0"]
[WhiteElo "2143"]
[BlackElo "2156"]
[PlyCount "67"]
[EventDate "2020.07.14"]
[EventType "swiss (blitz)"]
[EventRounds "10"]
[EventCountry "USA"]
[SourceTitle "CBM 197 Extra"]
[Source "ChessBase"]
[SourceDate "2020.09.30"]
[SourceVersion "1"]
[SourceVersionDate "2020.09.30"]
[SourceQuality "1"]

1. d4 d5 2. e4 e6 3. Nc3 Nf6 4. exd5 exd5 5. Bd3 Bd6 6. Nge2 0-0 7. 0-0 Bg4 8. f3 Bh5 9. Ng3 Bg6 10. f4 Bxd3 11. Qxd3 Re8 12. f5 c6 13. Bg5 Nbd7 14. Rae1 Qc7 15. Qf3 b5 16. Nd1 Rxe1 17. Rxe1 Re8 18. Rxe8+ Nxe8 19. Ne3 Nef6 20. Ng4 Nxg4 21. Qxg4 Bxg3 22. hxg3 f6 23. Bf4 Qd8 24. Qe2 Nf8 25. g4 Kf7 26. a4 a6 27. axb5 axb5 28. Qd2 Qe7 29. Kf2 g6 30. Qc3 Qd7 31. Qc5 gxf5 32. g5 Ne6 33. Qd6 fxg5 34. Qxd7+ 1-0

[Event "Titled Tuesday intern op 16th June"]
[Site "Chess.com INT"]
[Date "2020.06.16"]
[Round "8"]
[White "Almeida Junior, Alvaro Alves de"]
[Black "Zenker, Ulrich"]
[Result "1-0"]
[WhiteElo "2174"]
[BlackElo "2156"]
[PlyCount "77"]
[EventDate "2020.06.16"]
[EventType "swiss (blitz)"]
[EventRounds "10"]
[EventCountry "USA"]
[SourceTitle "EXT 2021"]
[Source "ChessBase"]
[SourceDate "2020.10.23"]
[SourceVersion "1"]
[SourceVersionDate "2020.10.23"]
[SourceQuality "1"]

1. e4 e5 2. Nf3 Nc6 3. Bc4 Nf6 4. 0-0 Nxe4 5. Nc3 Nf6 6. Re1 Be7 7. Nxe5 Nxe5 8. Rxe5 d6 9. Re1 0-0 10. d4 d5 11. Bd3 h6 12. Bf4 Bd6 13. Be5 c6 14. Qd2 Be6 15. Re2 Ng4 16. Rae1 Nxe5 17. dxe5 Bb4 18. f4 d4 19. f5 dxc3 20. bxc3 Bc5+ 21. Kh1 Bd5 22. f6 Qd7 23. fxg7 Kxg7 24. Qf4 Rg8 25. c4 Be6 26. Qf6+ Kf8 27. Bh7 Rg7 28. Qxh6 Bxc4 29. e6 Bxe6 30. Rxe6 fxe6 31. Rf1+ Ke8 32. Bg6+ Kd8 33. Be4 Kc7 34. Qf4+ Bd6 35. Qd2 Rag8 36. Qa5+ Kb8 37. Rb1 Qc7 38. Qa6 Bxh2 39. Bxc6 1-0

[Event "Titled Tuesday intern op 16th June"]
[Site "Chess.com INT"]
[Date "2020.06.16"]
[Round "4"]
[White "Zenker, Ulrich"]
[Black "Kukula, Pawel"]
[Result "0-1"]
[WhiteElo "2156"]
[BlackElo "2184"]
[PlyCount "56"]
[EventDate "2020.06.16"]
[EventType "swiss (blitz)"]
[EventRounds "10"]
[EventCountry "USA"]
[SourceTitle "EXT 2021"]
[Source "ChessBase"]
[SourceDate "2020.10.23"]
[SourceVersion "1"]
[SourceVersionDate "2020.10.23"]
[SourceQuality "1"]

1. d4 Nf6 2. c4 Nc6 3. Nc3 e5 4. e3 Bb4 5. Nf3 Qe7 6. Be2 0-0 7. d5 Nb8 8. Bd2 a5 9. Qc2 d6 10. 0-0-0 Na6 11. e4 Nc5 12. Be3 a4 13. Nd2 a3 14. b3 Bxc3 15. Qxc3 Nfxe4 16. Nxe4 Nxe4 17. Qc2 f5 18. Bd3 Qf6 19. Bxe4 fxe4 20. Qxe4 Bf5 21. Qf3 Qg6 22. Qg3 Qf7 23. h3 Bg6 24. Qg5 h6 25. Qh4 Qf5 26. Kd2 Rae8 27. Ke1 Qc2 28. g4 Be4 0-1

[Event "Titled Tuesday intern op 9th June"]
[Site "Chess.com INT"]
[Date "2020.06.09"]
[Round "8"]
[White "Rustemov, Alexander"]
[Black "Zenker, Ulrich"]
[Result "1-0"]
[WhiteElo "2525"]
[BlackElo "2156"]
[PlyCount "95"]
[EventDate "2020.06.09"]
[EventType "swiss (blitz)"]
[EventRounds "10"]
[EventCountry "USA"]
[SourceTitle "CBM 196 Extra"]
[Source "ChessBase"]
[SourceDate "2020.07.31"]
[SourceVersion "1"]
[SourceVersionDate "2020.07.31"]
[SourceQuality "1"]

1. d4 d5 2. c4 e6 3. Nc3 c5 4. cxd5 exd5 5. Nf3 Nf6 6. g3 Nc6 7. Bg2 Be7 8. 0-0 0-0 9. Bg5 cxd4 10. Nxd4 h6 11. Be3 Re8 12. Rc1 Bg4 13. h3 Be6 14. Nxe6 fxe6 15. f4 Qd7 16. Bf2 Rac8 17. e4 dxe4 18. Qxd7 Nxd7 19. Nxe4 e5 20. Rfd1 Red8 21. f5 Nb6 22. g4 Kf7 23. Kf1 Nd4 24. Rxc8 Nxc8 25. Nc3 Bc5 26. Bxb7 Nd6 27. Bg2 h5 28. Ne4 Nxe4 29. Bxe4 hxg4 30. hxg4 Rb8 31. b3 a5 32. Rc1 Bb6 33. Rc4 Ke7 34. Kg2 Kd6 35. Bg3 Bc5 36. Be1 Bb4 37. Bg3 Bc5 38. Ra4 Bb4 39. a3 Bc3 40. b4 axb4 41. Ra6+ Kc5 42. axb4+ Rxb4 43. Bxe5 Rb2+ 44. Kh3 Rb6 45. Rxb6 Kxb6 46. Bxg7 Kc5 47. Bh6 Bd2 48. Bxd2 1-0

[Event "Titled Tuesday intern op 9th June"]
[Site "Chess.com INT"]
[Date "2020.06.09"]
[Round "1"]
[White "Soltanici, Ruslan"]
[Black "Zenker, Ulrich"]
[Result "1/2-1/2"]
[WhiteElo "2410"]
[BlackElo "2156"]
[PlyCount "170"]
[EventDate "2020.06.09"]
[EventType "swiss (blitz)"]
[EventRounds "10"]
[EventCountry "USA"]
[SourceTitle "CBM 196 Extra"]
[Source "ChessBase"]
[SourceDate "2020.07.31"]
[SourceVersion "1"]
[SourceVersionDate "2020.07.31"]
[SourceQuality "1"]

1. e4 e5 2. Nf3 Nc6 3. Bb5 a6 4. Ba4 Nf6 5. 0-0 Be7 6. Re1 b5 7. Bb3 d6 8. c3 0-0 9. h3 Nd7 10. d4 Na5 11. Bc2 c5 12. a4 Bb7 13. d5 Nf6 14. b3 Qc7 15. Nbd2 Rfb8 16. Bd3 bxa4 17. Rxa4 Bc8 18. Qc2 Bd7 19. Ra3 Bb5 20. c4 Bd7 21. Bb2 Nb7 22. Bc3 a5 23. Rea1 Bd8 24. Qa2 Qc8 25. Kh2 Bb6 26. Rg1 Qc7 27. g4 Rf8 28. Nf1 g6 29. Ng3 Kh8 30. Bd2 Ng8 31. Be3 f6 32. Qd2 Nd8 33. Rg2 Nf7 34. Ra1 a4 35. bxa4 Rxa4 36. Rxa4 Bxa4 37. Rg1 Ba5 38. Qa2 Bd7 39. Ra1 Bc3 40. Qa7 Rc8 41. Ne2 Bxa1 42. Qxa1 Qb7 43. Ng3 Rb8 44. Kg2 Kg7 45. g5 fxg5 46. Nxg5 Nxg5 47. Bxg5 Qc8 48. h4 Bg4 49. Qa7+ Rb7 50. Qa5 Qf8 51. Be2 Bxe2 52. Nxe2 Nf6 53. Ng3 Ng4 54. f3 Rb2+ 55. Kg1 Qxf3 56. Qc7+ Qf7 57. Bd8 Qxc7 58. Bxc7 Rc2 59. Bxd6 Rxc4 60. Kg2 Nf6 61. Bxe5 Kf7 62. Kf3 h5 63. Nf1 Nxe4 64. Ne3 Ra4 65. Bf4 Nf6 66. d6 Rd4 67. Be5 Rd3 68. Ke2 Rxe3+ 69. Kxe3 Ng4+ 70. Ke4 Nxe5 71. Kxe5 c4 72. Kd4 Ke6 73. Kxc4 Kxd6 74. Kd4 Ke6 75. Ke4 Kf6 76. Kf4 g5+ 77. hxg5+ Kg6 78. Kg3 Kxg5 79. Kh3 h4 80. Kh2 Kg4 81. Kg2 h3+ 82. Kh2 Kh4 83. Kh1 Kg3 84. Kg1 h2+ 85. Kh1 Kh3 1/2-1/2

[Event "Titled Tuesday intern op 9th June"]
[Site "Chess.com INT"]
[Date "2020.06.09"]
[Round "4"]
[White "Zenker, Ulrich"]
[Black "Manninen, Marko"]
[Result "1-0"]
[WhiteElo "2156"]
[BlackElo "2377"]
[PlyCount "77"]
[EventDate "2020.06.09"]
[EventType "swiss (blitz)"]
[EventRounds "10"]
[EventCountry "USA"]
[SourceTitle "CBM 196 Extra"]
[Source "ChessBase"]
[SourceDate "2020.07.31"]
[SourceVersion "1"]
[SourceVersionDate "2020.07.31"]
[SourceQuality "1"]

1. d4 Nf6 2. c4 g6 3. Nc3 Bg7 4. e4 d6 5. Nf3 Bg4 6. Be2 Nfd7 7. Be3 c5 8. h3 Bxf3 9. Bxf3 Nc6 10. Ne2 cxd4 11. Nxd4 Nxd4 12. Bxd4 Qa5+ 13. Kf1 Bxd4 14. Qxd4 Ne5 15. Be2 0-0 16. h4 h5 17. Rh3 Qc5 18. Rd1 Qxd4 19. Rxd4 Rfc8 20. b3 a5 21. f4 Nc6 22. Rd2 a4 23. g4 hxg4 24. Bxg4 Rc7 25. h5 axb3 26. axb3 Ra1+ 27. Kf2 b5 28. hxg6 fxg6 29. cxb5 Nb4 30. Be6+ Kg7 31. f5 Kf6 32. Rh6 Rcc1 33. Rxg6+ Ke5 34. Bc4 Kf4 35. b6 Rh1 36. b7 Nc6 37. b4 Ra7 38. Bd5 Ne5 39. Rg1 1-0

[Event "Titled Tuesday intern op 12th May"]
[Site "Chess.com INT"]
[Date "2020.05.12"]
[Round "7"]
[White "Zenker, Ulrich"]
[Black "Grot, Blazej"]
[Result "0-1"]
[WhiteElo "2156"]
[BlackElo "1768"]
[PlyCount "110"]
[EventDate "2020.05.12"]
[EventType "swiss (blitz)"]
[EventRounds "10"]
[EventCountry "USA"]
[SourceTitle "EXT 2021"]
[Source "ChessBase"]
[SourceDate "2020.10.23"]
[SourceVersion "1"]
[SourceVersionDate "2020.10.23"]
[SourceQuality "1"]

1. d4 Nf6 2. c4 e6 3. Nc3 Bb4 4. Nf3 0-0 5. e3 b6 6. Be2 Bxc3+ 7. bxc3 Bb7 8. 0-0 Ne4 9. Qc2 d6 10. Bd3 f5 11. d5 exd5 12. Nd4 Qf6 13. cxd5 Bxd5 14. c4 Bb7 15. Bb2 Nd7 16. f3 Nec5 17. Nxf5 Qe6 18. e4 Rxf5 19. exf5 Qe3+ 20. Kh1 Qxd3 21. Qc3 Qxc3 22. Bxc3 Rf8 23. g4 h5 24. h3 hxg4 25. hxg4 Nf6 26. Kh2 a5 27. Kg3 Nfe4+ 28. fxe4 Nxe4+ 29. Kf4 Nxc3 30. Rfe1 d5 31. Re3 d4 32. Re7 Rf7 33. Rae1 Ne4 34. R7xe4 Bxe4 35. Rxe4 Rd7 36. Re2 Kf7 37. Rd2 c5 38. Rb2 Rd6 39. Ke5 Ke7 40. g5 d3 41. Rd2 Rd4 42. f6+ gxf6+ 43. gxf6+ Kf7 44. a3 a4 45. Kf5 Rd6 46. Ke5 Rd4 47. Kf5 b5 48. cxb5 c4 49. Ke5 Rd8 50. b6 c3 51. Rh2 d2 52. Rh7+ Kg8 53. Rh1 d1Q 54. Rxd1 Rxd1 55. b7 Rd8 0-1

[Event "Titled Tuesday intern op 12th May"]
[Site "Chess.com INT"]
[Date "2020.05.12"]
[Round "9"]
[White "Zenker, Ulrich"]
[Black "Vazquez Espino, Uriel"]
[Result "0-1"]
[WhiteElo "2156"]
[BlackElo "1983"]
[PlyCount "96"]
[EventDate "2020.05.12"]
[EventType "swiss (blitz)"]
[EventRounds "10"]
[EventCountry "USA"]
[SourceTitle "EXT 2021"]
[Source "ChessBase"]
[SourceDate "2020.10.23"]
[SourceVersion "1"]
[SourceVersionDate "2020.10.23"]
[SourceQuality "1"]

1. d4 Nf6 2. c4 e6 3. Nf3 b6 4. g3 Bb7 5. Bg2 Be7 6. 0-0 Ne4 7. Qc2 0-0 8. Nc3 f5 9. Nd2 d5 10. cxd5 exd5 11. Nf3 Nd7 12. Bf4 c5 13. dxc5 bxc5 14. Rad1 Ndf6 15. Ne5 Qa5 16. Qa4 Qb6 17. Qb5 d4 18. Qxb6 axb6 19. Nxe4 fxe4 20. Bg5 Rxa2 21. Bxf6 Rxf6 22. Nd7 Rd6 23. Ne5 Re6 24. Nc4 Ba6 25. b3 Bd8 26. Bh3 Re8 27. Nd6 Re5 28. Ra1 Rxa1 29. Rxa1 Bc7 30. Rxa6 Bxd6 31. Rxb6 Bf8 32. Kf1 g6 33. Ke1 Be7 34. Bd7 Kf7 35. Bb5 Bd8 36. Rb7+ Kf6 37. Rxh7 Ba5+ 38. Kd1 Rf5 39. f3 exf3 40. exf3 Rxf3 41. Bc4 Kg5 42. Ke2 Rc3 43. Be6 Bb4 44. h4+ Kf6 45. Bc4 Rxg3 46. Rf7+ Ke5 47. Rg7 Kf5 48. h5 Re3+ 0-1

[Event "Titled Tuesday intern op 21st April"]
[Site "Chess.com INT"]
[Date "2020.04.21"]
[Round "2"]
[White "Abdusattorova, Bakhora"]
[Black "Zenker, Ulrich"]
[Result "1-0"]
[WhiteElo "2094"]
[BlackElo "2156"]
[PlyCount "57"]
[EventDate "2020.04.21"]
[EventType "swiss (blitz)"]
[EventRounds "10"]
[EventCountry "USA"]
[SourceTitle "EXT 2021"]
[Source "ChessBase"]
[SourceDate "2020.10.23"]
[SourceVersion "1"]
[SourceVersionDate "2020.10.23"]
[SourceQuality "1"]

1. d4 d5 2. c4 e6 3. Nc3 Nf6 4. cxd5 exd5 5. Bg5 Be7 6. e3 Nbd7 7. Bd3 0-0 8. Nge2 Re8 9. 0-0 Nf8 10. Qc2 c6 11. Rad1 Ng6 12. Nf4 Ne4 13. Bxe7 Qxe7 14. Nfxd5 cxd5 15. Nxd5 Qg5 16. Bxe4 Rxe4 17. Qxe4 Bf5 18. Qf3 Bg4 19. Qg3 h5 20. Nc3 h4 21. f4 Qf5 22. e4 Qh5 23. Qf2 Bxd1 24. Nxd1 Re8 25. f5 Ne7 26. f6 Ng6 27. fxg7 Kxg7 28. Qxf7+ Kh6 29. Qxe8 1-0

[Event "Titled Tuesday intern op 21st April"]
[Site "Chess.com INT"]
[Date "2020.04.21"]
[Round "5"]
[White "Nilsen, Tobias Lang"]
[Black "Zenker, Ulrich"]
[Result "0-1"]
[WhiteElo "2170"]
[BlackElo "2156"]
[PlyCount "80"]
[EventDate "2020.04.21"]
[EventType "swiss (blitz)"]
[EventRounds "10"]
[EventCountry "USA"]
[SourceTitle "EXT 2021"]
[Source "ChessBase"]
[SourceDate "2020.10.23"]
[SourceVersion "1"]
[SourceVersionDate "2020.10.23"]
[SourceQuality "1"]

1. e4 e5 2. Nf3 Nc6 3. Bb5 a6 4. Ba4 Nf6 5. 0-0 Be7 6. Re1 b5 7. Bb3 d6 8. a4 Bb7 9. d3 0-0 10. Nbd2 Qd7 11. Nf1 Na5 12. Ba2 c5 13. Ng3 Rfe8 14. Bd2 b4 15. Ng5 Rf8 16. Nf5 Nc6 17. c3 a5 18. f4 h6 19. Nf3 Rfe8 20. Rf1 Bf8 21. Qe1 Ba6 22. Qg3 Kh8 23. Ne1 Nh5 24. Qh3 Nxf4 25. Bxf4 exf4 26. Rxf4 g6 27. Ne3 Qxh3 28. gxh3 Ne5 29. Bxf7 Re7 30. Bd5 Rd8 31. d4 cxd4 32. cxd4 Nd3 33. Nxd3 Bxd3 34. Rd1 Ba6 35. Rf6 Kh7 36. e5 dxe5 37. dxe5 Bg7 38. Bg8+ Rxg8 39. Rd8 Rxd8 40. Ng4 Bxf6 0-1

[Event "Titled Tuesday intern op 21st April"]
[Site "Chess.com INT"]
[Date "2020.04.21"]
[Round "4"]
[White "Zenker, Ulrich"]
[Black "Aslanov, Umid Fuad"]
[Result "1/2-1/2"]
[WhiteElo "2156"]
[BlackElo "2019"]
[PlyCount "84"]
[EventDate "2020.04.21"]
[EventType "swiss (blitz)"]
[EventRounds "10"]
[EventCountry "USA"]
[SourceTitle "EXT 2021"]
[Source "ChessBase"]
[SourceDate "2020.10.23"]
[SourceVersion "1"]
[SourceVersionDate "2020.10.23"]
[SourceQuality "1"]

1. d4 Nf6 2. c4 g6 3. Nc3 c5 4. d5 e6 5. Nf3 exd5 6. cxd5 d6 7. e3 Bg7 8. h3 0-0 9. Bd3 Na6 10. 0-0 Re8 11. Nd2 Nc7 12. Bc4 a6 13. a4 Bd7 14. a5 Nb5 15. Qc2 Bf5 16. Qb3 Nxc3 17. bxc3 Rb8 18. Ra3 Nd7 19. g4 Be4 20. Nxe4 Rxe4 21. Bd3 Re8 22. f4 Qh4 23. Kg2 h5 24. g5 f6 25. Bd2 c4 26. Bxc4 Nc5 27. Qb1 fxg5 28. Be1 Qxe1 29. Rxe1 Kh7 30. fxg5 Re5 31. h4 Re4 32. Bd3 Nxd3 33. Qxd3 Rxh4 34. Rf1 Rg4+ 35. Kh3 Rxg5 36. Rf7 Kg8 37. Qf1 Be5 38. Rb3 Rg3+ 39. Kh4 Rg4+ 40. Kh3 Rg3+ 41. Kh4 Rg4+ 42. Kh3 Rg3+ 1/2-1/2

[Event "Titled Tuesday intern op 14th April"]
[Site "Chess.com INT"]
[Date "2020.04.14"]
[Round "5"]
[White "Alvarez Fernandez, Enrique"]
[Black "Zenker, Ulrich"]
[Result "1-0"]
[WhiteElo "2376"]
[BlackElo "2156"]
[PlyCount "77"]
[EventDate "2020.04.14"]
[EventType "swiss (blitz)"]
[EventRounds "10"]
[EventCountry "USA"]
[SourceTitle "EXT 2021"]
[Source "ChessBase"]
[SourceDate "2020.10.23"]
[SourceVersion "1"]
[SourceVersionDate "2020.10.23"]
[SourceQuality "1"]

1. d4 d5 2. Nf3 e6 3. c4 Nf6 4. Nc3 Be7 5. Bf4 0-0 6. e3 b6 7. Bd3 c5 8. 0-0 Bb7 9. cxd5 exd5 10. Ne5 Nbd7 11. Qf3 h6 12. Rad1 c4 13. Bb1 a6 14. Nxc4 dxc4 15. Qxb7 b5 16. a3 Nb6 17. Qf3 Qd7 18. e4 a5 19. e5 Nfd5 20. Qe4 f5 21. exf6 Nxf6 22. Qg6 b4 23. Bxh6 Rf7 24. Ne4 Nbd5 25. Ng5 Bd6 26. Bf5 Nf4 27. Bxd7 Nxg6 28. Be6 gxh6 29. Nxf7 Bf4 30. g3 Nf8 31. d5 Nxe6 32. dxe6 Bc7 33. Nxh6+ Kf8 34. axb4 axb4 35. Nf5 c3 36. bxc3 bxc3 37. Rc1 Be5 38. Rfe1 Ra5 39. e7+ 1-0

[Event "Titled Tuesday intern op 14th April"]
[Site "Chess.com INT"]
[Date "2020.04.14"]
[Round "8"]
[White "Nguyen, Thi Mai Hung"]
[Black "Zenker, Ulrich"]
[Result "1-0"]
[WhiteElo "2258"]
[BlackElo "2156"]
[PlyCount "107"]
[EventDate "2020.04.14"]
[EventType "swiss (blitz)"]
[EventRounds "10"]
[EventCountry "USA"]
[SourceTitle "EXT 2021"]
[Source "ChessBase"]
[SourceDate "2020.10.23"]
[SourceVersion "1"]
[SourceVersionDate "2020.10.23"]
[SourceQuality "1"]

1. d4 d5 2. Bf4 e6 3. e3 Bd6 4. Bg3 Bxg3 5. hxg3 Qd6 6. Nf3 Nf6 7. Nbd2 Nbd7 8. c4 e5 9. cxd5 exd4 10. e4 0-0 11. Bd3 Re8 12. 0-0 c5 13. Nc4 Qb8 14. Re1 b5 15. Na5 Ne5 16. Nxe5 Qxe5 17. Bxb5 Rd8 18. Nc6 Qc7 19. Nxd8 Qxd8 20. Rc1 Rb8 21. Qe2 Qe7 22. Bc6 Rb6 23. e5 Ba6 24. Qc2 Ng4 25. Qxc5 Qg5 26. Qxd4 Qh5 27. Qxg4 Qxg4 28. d6 Bc8 29. Bf3 Qe6 30. Rc5 g5 31. Rec1 Rb8 32. b3 Kg7 33. Rc7 Qxe5 34. Rxc8 Rxc8 35. Rxc8 Qxd6 36. Ra8 Qa3 37. Bd5 Qxa2 38. Rd8 Qa1+ 39. Kh2 Qf6 40. Rd7 Qxf2 41. Rxf7+ Qxf7 42. Bxf7 Kxf7 43. g4 Kf6 44. Kg3 Ke5 45. Kf3 Kd4 46. Ke2 Kc3 47. Ke3 Kxb3 48. Ke4 a5 49. Kf5 a4 50. Kxg5 a3 51. Kh6 a2 52. Kxh7 a1Q 53. g5 Qf6 54. gxf6 1-0

[Event "Titled Tuesday intern op 14th April"]
[Site "Chess.com INT"]
[Date "2020.04.14"]
[Round "1"]
[White "Praveen Kumar, Chandrasekar"]
[Black "Zenker, Ulrich"]
[Result "1-0"]
[WhiteElo "2158"]
[BlackElo "2156"]
[PlyCount "55"]
[EventDate "2020.04.14"]
[EventType "swiss (blitz)"]
[EventRounds "10"]
[EventCountry "USA"]
[SourceTitle "EXT 2021"]
[Source "ChessBase"]
[SourceDate "2020.10.23"]
[SourceVersion "1"]
[SourceVersionDate "2020.10.23"]
[SourceQuality "1"]

1. d4 d5 2. c4 e6 3. Nf3 Nf6 4. g3 Be7 5. Bg2 0-0 6. 0-0 b6 7. Qc2 Bb7 8. Nbd2 Na6 9. a3 c5 10. cxd5 exd5 11. dxc5 Nxc5 12. b4 Nce4 13. Bb2 Rc8 14. Qd3 Qd7 15. Rfd1 Rfd8 16. Ne5 Qa4 17. Nb3 Ba6 18. Qf3 Bxe2 19. Qxe2 Qxb3 20. Rac1 a5 21. Nc6 Rxc6 22. Rxc6 axb4 23. axb4 Qxb4 24. Bd4 Bc5 25. Bxe4 Bxd4 26. Bb1 Bc5 27. Qd3 g6 28. Rxf6 1-0